000 00885nam a22002537a 4500
003 DO-SdBNP
005 20250203105242.0
007 ta
008 211019b2021 dr ||||| |||| 00| 0 spa d
020 _a9789945096842
040 _aDO-SdBNP
_bspa
_cBNPHU
100 1 _aDavid Ortiz Alburquerque
_980269
245 1 0 _aAportes lacanianos a una filosofía política emancipadora /
_cDavid Ortiz Alburquerque ; prólogo de Carlos Rojas Osorio.
_h
260 _aSanto Domingo :
_bAmigo del Hogar,
_c2021.
300 _a173 p.
_c23 cm.
500 _aIncluye referencias bibliográficas y notas al pie de las páginas.
500 _aIncluye índice onomástico
500 _aIncluye índice temático
504 _aBibliografía : p. 153-156
590 _aInventariado, 2021 /LP
700 1 _aRojas Osorio, Carlos
_d1946-
_eprólogo
_9808
910 _aLopérez
942 _2ddc
_cLBS1
999 _c50776
_d50776